00702nam a2200193Ia 4500008004100000020001500041082001900056100002500075245010800100250000700208260004200215300003000257500002300287600002000310650002000330942000700350952013400357999001700491240925s9999 xx 000 0 und d a8131714535 a330.091724 MIS aMishkin, Frederic S. 4aThe Next Great Globalization: how disadvantaged nations can harness their financial systems to get rich aNA aNew Delhi:bPearson Educationc,2008. axviii, 776p.bIfOriginal aIncludes Reference aSocial Sciences aSocial Sciences cBK 001040708SSaUITUbUITUd2019-01-05eMulti Line Booksg1600.00l0o330.091724 MISpQ13289r2024-09-25 07:16:48w2024-09-25yBK c15788d15788